[Event "Pyramiden Cup 2016"]
[Site "Fuerth"]
[Date "2016.09.04"]
[Round "7.10"]
[White "Loew, Gerald"]
[Black "Riedel, Lutz"]
[Result "1-0"]
[WhiteElo "2241"]
[BlackElo "2033"]
[PlyCount "105"]
[EventDate "2016.??.??"]
[WhiteTeam "TSV Bindlach"]
[BlackTeam "SK Krumbach"]

1. c4 c5 2. g3 Nc6 3. Bg2 g6 4. Nc3 Bg7 5. a3 Nf6 6. Rb1 a5 7. e4 d6 8. Nge2
O-O 9. d3 e6 10. O-O Nd7 11. Be3 Nde5 12. h3 f5 13. f4 Nf7 14. exf5 gxf5 15. d4
cxd4 16. Nxd4 Nxd4 17. Bxd4 Ra6 18. Bxg7 Kxg7 19. Qd4+ e5 20. Qf2 Qb6 21. Qxb6
Rxb6 22. b4 axb4 23. axb4 Ra6 24. Ra1 e4 25. Nd5 Rc6 26. Ne3 h5 27. Ra7 Nd8 28.
Rd1 Be6 29. Bf1 Rb6 30. b5 Kh6 31. Kf2 Nf7 32. Rda1 Rc8 33. Ra8 Rc7 34. Re8 d5
35. cxd5 Bd7 36. Re7 Kg6 37. Nc4 Rxc4 38. Bxc4 Rd6 39. Ra7 Kf6 40. Rxf7+ Kxf7
41. Rxb7 Ke7 42. Rb8 Rh6 43. h4 Rh7 44. Rb6 Bc8 45. Rc6 Kd8 46. b6 Rh8 47. Rg6
Bb7 48. Bb5 Kc8 49. Bc6 Rd8 50. Rg7 Bxc6 51. dxc6 Re8 52. Ke3 Kb8 53. Ra7 1-0

[Event "Pyramiden Cup 2016"]
[Site "Fuerth"]
[Date "2016.09.04"]
[Round "7.11"]
[White "Bunk, Karsten"]
[Black "Reis, Gerhard"]
[Result "1/2-1/2"]
[WhiteElo "2093"]
[BlackElo "2193"]
[PlyCount "34"]
[EventDate "2016.??.??"]
[WhiteTeam "SW Nürnberg Süd"]
[BlackTeam "SW Nürnberg Süd"]

1. c4 Nf6 2. g3 c6 3. Bg2 d5 4. Nf3 dxc4 5. O-O Be6 6. Ng5 Bd5 7. e4 h6 8. exd5
hxg5 9. dxc6 Nxc6 10. Na3 e6 11. Nxc4 Be7 12. Qa4 Nd5 13. d4 O-O 14. Be3 Rc8
15. Rfd1 Qd7 16. Rac1 Rfd8 17. Qb3 b6 1/2-1/2

[Event "Pyramiden Cup 2016"]
[Site "Fuerth"]
[Date "2016.09.04"]
[Round "7.12"]
[White "Goldsworthy, Patrick"]
[Black "Dorst, Johannes"]
[Result "1/2-1/2"]
[WhiteElo "2139"]
[BlackElo "2215"]
[PlyCount "43"]
[EventDate "2016.??.??"]
[WhiteTeam "SG Siemens Erlangen"]
[BlackTeam "SK Marburg"]

1. e4 c5 2. Nf3 e6 3. d4 cxd4 4. Nxd4 Nc6 5. Nc3 Qc7 6. g3 a6 7. Bg2 Nf6 8. O-O
Nxd4 9. Qxd4 Bc5 10. Qd3 Ng4 11. h3 Ne5 12. Qe2 b5 13. Bf4 O-O 14. Rad1 d6 15.
Kh1 Bb7 16. Qh5 Bb4 17. Bd2 Nc4 18. Nd5 exd5 19. Bxb4 a5 20. Bc3 dxe4 21. Bxg7
Kxg7 22. Qg5+ 1/2-1/2

[Event "Pyramiden Cup 2016"]
[Site "Fuerth"]
[Date "2016.09.04"]
[Round "7.13"]
[White "Kornitzky, Tino"]
[Black "Walter, Florian"]
[Result "0-1"]
[WhiteElo "2045"]
[BlackElo "2142"]
[PlyCount "122"]
[EventDate "2016.??.??"]
[WhiteTeam "SC Erlangen"]
[BlackTeam "SC NT Nürnberg"]

1. d4 d5 2. c4 c6 3. cxd5 cxd5 4. Bf4 Nc6 5. e3 Nf6 6. Nc3 a6 7. Bd3 e6 8. Rc1
Be7 9. Nge2 O-O 10. O-O Na5 11. e4 dxe4 12. Nxe4 Nc6 13. Qa4 Nd5 14. Be3 Nxe3
15. fxe3 e5 16. Bb1 exd4 17. exd4 Bg4 18. Qc2 g6 19. N4g3 Nxd4 20. Nxd4 Qxd4+
21. Kh1 Rac8 22. Qb3 Qb4 23. Rxc8 Bxc8 24. Qc2 Be6 25. a3 Qc4 26. Qf2 Bh4 27.
Rd1 Rd8 28. Rxd8+ Bxd8 29. Qd2 Bc7 30. Bd3 Qd4 31. Qc2 Be5 32. Be4 b6 33. Bd3
Qxb2 34. Qxb2 Bxb2 35. Bxa6 Bxa3 36. Kg1 Kf8 37. Bb5 Ke7 38. Kf2 f5 39. Ne2 Kd6
40. g3 Kc5 41. Bd3 b5 42. Nf4 Bf7 43. Ke1 Bc1 44. Ne2 Be3 45. h3 b4 46. g4 f4
47. h4 Bc4 48. Be4 Be6 49. h5 gxh5 50. gxh5 h6 51. Bg6 Bg4 52. Kf1 Kc4 53. Ke1
b3 54. Bf7+ Kb4 55. Bg6 b2 56. Kd1 Bxh5 57. Be4 Bg4 58. Ke1 h5 59. Kf1 h4 60.
Ng1 h3 61. Ne2 h2 0-1

[Event "Pyramiden Cup 2016"]
[Site "Fuerth"]
[Date "2016.09.04"]
[Round "7.14"]
[White "Steinbacher, Matthias"]
[Black "Turner, Radek"]
[Result "1-0"]
[WhiteElo "2182"]
[BlackElo "2055"]
[PlyCount "81"]
[EventDate "2016.??.??"]
[WhiteTeam "vereinslos"]
[BlackTeam "RT Regensburg"]

1. Nc3 Nf6 2. g4 Nxg4 3. e4 d6 4. Be2 Nf6 5. d4 c6 6. f4 e6 7. Nf3 d5 8. e5 Ng4
9. f5 exf5 10. h3 Nh6 11. Bf4 g6 12. Bg5 Qb6 13. Bf6 Rg8 14. Qd2 f4 15. O-O-O
Nf5 16. Qxf4 Be6 17. Ng5 Bh6 18. Na4 Qc7 19. Nc5 Nd7 20. Nxd7 Kxd7 21. h4 Rae8
22. Rh3 Ng7 23. Ra3 a6 24. Kb1 Nh5 25. Bxh5 gxh5 26. Rf1 Rg6 27. Rb3 Kc8 28.
Qf2 Bxg5 29. Bxg5 h6 30. Bc1 Reg8 31. Rf3 Rg2 32. Qe1 Qe7 33. Bxh6 R8g4 34. Bg5
Qc7 35. Rf6 Kb8 36. b3 Qb6 37. Rh6 Re4 38. Qc3 Qxd4 39. Rh8+ Bc8 40. Qxd4 Rxd4
41. Rxf7 1-0

[Event "Pyramiden Cup 2016"]
[Site "Fuerth"]
[Date "2016.09.04"]
[Round "7.15"]
[White "Giessmann, Stephan"]
[Black "Bader, Dominic"]
[Result "1/2-1/2"]
[WhiteElo "2252"]
[BlackElo "2066"]
[PlyCount "36"]
[EventDate "2016.??.??"]
[WhiteTeam "SK Kelheim"]
[BlackTeam "SG Büchenbach/Roth"]

1. d4 Nf6 2. Nf3 e6 3. Bg5 c5 4. e3 Be7 5. c4 O-O 6. Nc3 a6 7. Bd3 d6 8. O-O
Nbd7 9. Qe2 b6 10. Rad1 Bb7 11. Rfe1 Re8 12. Bb1 Qc7 13. dxc5 Qxc5 14. e4 Rac8
15. Bd3 Qc7 16. h3 Nc5 17. Bb1 Ncd7 18. Bd3 Nc5 1/2-1/2

[Event "Pyramiden Cup 2016"]
[Site "Fuerth"]
[Date "2016.09.04"]
[Round "7.16"]
[White "Kroneder, Christian"]
[Black "Kreyssig, Bruno"]
[Result "1/2-1/2"]
[WhiteElo "2070"]
[BlackElo "2226"]
[PlyCount "97"]
[EventDate "2016.??.??"]
[WhiteTeam "SK Schwanstetten"]
[BlackTeam "SG Leipzig"]

1. e4 c5 2. Nf3 d6 3. d4 cxd4 4. Nxd4 Nf6 5. Nc3 g6 6. Be3 Bg7 7. f3 O-O 8. Be2
Nc6 9. O-O a6 10. Nd5 Nxd5 11. exd5 Nxd4 12. Bxd4 b5 13. Bxg7 Kxg7 14. Qd4+ Kg8
15. h4 Qc7 16. c3 Bd7 17. Rfe1 Rac8 18. Bf1 Rfe8 19. h5 Qc5 20. Rad1 Kf8 21.
Re3 Qxd4 22. Rxd4 Rc5 23. hxg6 hxg6 24. f4 Bf5 25. Be2 Bb1 26. Rd2 a5 27. a3 a4
28. g4 Ba2 29. Bf3 Kg7 30. Kf2 g5 31. f5 Kf6 32. Bg2 Rh8 33. Kg3 Rc4 34. Bf1
Rc5 35. Bg2 Rh4 36. Bf3 Rc4 37. Rde2 Rc5 38. Rd2 Bc4 39. Rd1 Rc8 40. Rde1 Rch8
41. Bg2 Rh2 42. Rd1 R8h4 43. Rd4 Rh8 44. Rd1 R2h4 45. Rde1 Rh2 46. Rd1 Bb3 47.
Rd4 R8h4 48. Re1 Bc2 49. Re3 1/2-1/2

[Event "Pyramiden Cup 2016"]
[Site "Fuerth"]
[Date "2016.09.04"]
[Round "7.17"]
[White "Pfadenhauer, Johannes"]
[Black "Mix, Thomas"]
[Result "1-0"]
[WhiteElo "2061"]
[BlackElo "1927"]
[PlyCount "47"]
[EventDate "2016.??.??"]
[WhiteTeam "TSV Bindlach"]
[BlackTeam "SF Brannenburg"]

1. d4 c5 2. d5 d6 3. Nc3 g6 4. e4 Bg7 5. Be2 e5 6. Bg4 Nd7 7. Nf3 Nh6 8. Bh3
O-O 9. O-O f5 10. Ng5 Nf6 11. Ne6 Bxe6 12. dxe6 Nxe4 13. Nxe4 fxe4 14. Qd5 Kh8
15. Qxb7 Nf5 16. c4 Qe7 17. Qxe7 Nxe7 18. Rd1 Rad8 19. Bd2 Nf5 20. Ba5 Rde8 21.
Bxf5 gxf5 22. Rxd6 Rf6 23. Rad1 Rexe6 24. Rxe6 1-0

[Event "Pyramiden Cup 2016"]
[Site "Fuerth"]
[Date "2016.09.04"]
[Round "7.18"]
[White "Fischer, Daniel"]
[Black "Bildt, Maximilian"]
[Result "0-1"]
[WhiteElo "2042"]
[BlackElo "2020"]
[PlyCount "68"]
[EventDate "2016.??.??"]
[WhiteTeam "SVG Offenburg"]
[BlackTeam "SK Zirndorf"]

1. Nf3 Nf6 2. c4 g6 3. Nc3 d5 4. cxd5 Nxd5 5. g3 Bg7 6. Bg2 O-O 7. Nxd5 Qxd5 8.
O-O c5 9. d3 Nc6 10. Be3 Bxb2 11. Rb1 Bg7 12. Nd4 Qxa2 13. Nxc6 bxc6 14. Bxc5
Bg4 15. f3 Be6 16. e4 Rfb8 17. Bxe7 Bd4+ 18. Kh1 a5 19. f4 Rxb1 20. Qxb1 Qxb1
21. Rxb1 a4 22. Ba3 Bb3 23. e5 Rc8 24. Be4 c5 25. Rc1 Be3 26. Rc3 Bd2 27. Rxc5
Rxc5 28. Bxc5 Bc1 29. Kg2 a3 30. Bxa3 Bxa3 31. f5 gxf5 32. Bxf5 Bb2 33. Kf3
Bxe5 34. Ke4 Bd6 0-1

[Event "Pyramiden Cup 2016"]
[Site "Fuerth"]
[Date "2016.09.04"]
[Round "7.19"]
[White "Tong, Kevin"]
[Black "Lodes, Hermann"]
[Result "1/2-1/2"]
[WhiteElo "2049"]
[BlackElo "2169"]
[PlyCount "60"]
[EventDate "2016.??.??"]
[WhiteTeam "SC Erlangen"]
[BlackTeam "vereinslos"]

1. e4 c6 2. d4 d5 3. exd5 cxd5 4. Bd3 g6 5. c3 Bg7 6. Nf3 Nc6 7. O-O Nf6 8. Re1
O-O 9. Nbd2 Qc7 10. Nf1 a6 11. a4 Bg4 12. Be2 e6 13. Ng3 Nh5 14. Nxh5 Bxh5 15.
g3 Na5 16. Bf4 Qb6 17. Ne5 Bxe2 18. Rxe2 Qd8 19. Qd3 Rc8 20. h4 Nc4 21. Nxc4
Rxc4 22. a5 Qd7 23. b4 Rfc8 24. Bd2 h5 25. Kg2 Qd8 26. Ree1 Qd7 27. Qf3 f5 28.
Qe3 Kf7 29. f3 Re8 30. f4 Qb5 1/2-1/2

[Event "Pyramiden Cup 2016"]
[Site "Fuerth"]
[Date "2016.09.04"]
[Round "7.20"]
[White "Suess, Helmut"]
[Black "Braun, Michael"]
[Result "1/2-1/2"]
[WhiteElo "1910"]
[BlackElo "2051"]
[PlyCount "48"]
[EventDate "2016.??.??"]
[WhiteTeam "SC NT Nürnberg"]
[BlackTeam "SG Büchenbach/Roth"]

1. d4 d5 2. c4 c6 3. cxd5 cxd5 4. Nf3 Nc6 5. Nc3 Nf6 6. Bf4 a6 7. e3 e6 8. Bd3
Be7 9. O-O Nh5 10. Be5 Nxe5 11. Nxe5 Nf6 12. Rc1 O-O 13. Na4 Nd7 14. Qc2 f5 15.
Nxd7 Bxd7 16. f4 Rc8 17. Qb3 Bxa4 18. Qxa4 Bd6 19. Rc2 Rxc2 20. Qxc2 Rf7 21.
Rc1 Rc7 22. Qd1 Qc8 23. Rxc7 Qxc7 24. Qc2 Qxc2 1/2-1/2

[Event "Pyramiden Cup 2016"]
[Site "Fuerth"]
[Date "2016.09.04"]
[Round "7.21"]
[White "Wenninger, Patrick"]
[Black "Petrashov, Alexander"]
[Result "0-1"]
[WhiteElo "1866"]
[BlackElo "1785"]
[PlyCount "64"]
[EventDate "2016.??.??"]
[WhiteTeam "Heilbronner SV"]
[BlackTeam "SC NT Nürnberg"]

1. d4 e6 2. c4 d5 3. Nf3 c6 4. g3 f5 5. Bg2 Nf6 6. O-O Bd6 7. b3 O-O 8. Ba3 b6
9. Ne5 Bb7 10. Qd3 Qe7 11. Bxd6 Qxd6 12. Nd2 Nbd7 13. Ndf3 Rad8 14. a3 a5 15.
Rfb1 c5 16. Rd1 Ng4 17. Nxd7 Rxd7 18. Rac1 Rfd8 19. cxd5 cxd4 20. dxe6 Qxe6 21.
Ng5 Qf6 22. Qc4+ Kh8 23. Ne6 Ne5 24. Nxd8 Nxc4 25. Nxb7 Nd6 26. e3 Nxb7 27.
Bxb7 g6 28. Rc8+ Kg7 29. Bc6 Rd6 30. Rc7+ Kh6 31. Rxd4 Rxc6 32. Rh4+ Qxh4 0-1

[Event "Pyramiden Cup 2016"]
[Site "Fuerth"]
[Date "2016.09.04"]
[Round "7.22"]
[White "Luessmann, Thomas"]
[Black "Wagner, Florian"]
[Result "0-1"]
[WhiteElo "1955"]
[BlackElo "2126"]
[PlyCount "38"]
[EventDate "2016.??.??"]
[WhiteTeam "SK Gräfelfing"]
[BlackTeam "SC NT Nürnberg"]

1. d4 Nf6 2. c4 e6 3. Nc3 d5 4. cxd5 exd5 5. Bg5 Bb4 6. Qb3 c5 7. dxc5 Nc6 8.
O-O-O Be6 9. Bxf6 Qxf6 10. Nxd5 Qxf2 11. Nc7+ Ke7 12. Nxe6 fxe6 13. e3 Rad8 14.
Bd3 Rd5 15. a3 Qxe3+ 16. Kb1 Rhd8 17. axb4 Rxd3 18. Rxd3 Rxd3 19. Qc4 Qe1+ 0-1

[Event "Pyramiden Cup 2016"]
[Site "Fuerth"]
[Date "2016.09.04"]
[Round "7.23"]
[White "Guggenberger, Guido"]
[Black "Meulner, Klaus"]
[Result "0-1"]
[WhiteElo "1971"]
[BlackElo "2124"]
[PlyCount "63"]
[EventDate "2016.??.??"]
[WhiteTeam "TV Tegernsee"]
[BlackTeam "SW Nürnberg Süd"]

1. d4 d5 2. c4 c6 3. cxd5 cxd5 4. Nc3 Nf6 5. Bf4 Nc6 6. e3 a6 7. Bd3 Bg4 8.
Nge2 e6 9. Bg3 Bxe2 10. Qxe2 Bd6 11. Rc1 Rc8 12. Bxd6 Qxd6 13. O-O O-O 14. Na4
e5 15. dxe5 Nxe5 16. Bf5 Rxc1 17. Rxc1 g6 18. Bd3 Nfg4 19. g3 d4 20. e4 Nxd3
21. Qxd3 Ne5 22. Qd1 b5 23. Nc5 f5 24. exf5 d3 25. Rc3 b4 26. Qb3+ Kh8 27. Rxd3
Nxd3 28. Nxd3 gxf5 29. Nxb4 a5 30. Nc2 Qe5 31. Qa3 Rc8 32. b4 0-1

[Event "Pyramiden Cup 2016"]
[Site "Fuerth"]
[Date "2016.09.04"]
[Round "7.24"]
[White "Walter, Thomas"]
[Black "Guenther, Patrick"]
[Result "1/2-1/2"]
[WhiteElo "2177"]
[BlackElo "2013"]
[PlyCount "101"]
[EventDate "2016.??.??"]
[WhiteTeam "SC Erlangen"]
[BlackTeam "Elmshorner SC"]

1. e4 c5 2. Nf3 Nc6 3. d4 cxd4 4. Nxd4 Qb6 5. Nb3 Nf6 6. Nc3 e6 7. Be3 Qc7 8.
Be2 a6 9. O-O Be7 10. f4 d6 11. a4 O-O 12. a5 Re8 13. Bf3 Nb4 14. Bb6 Qb8 15.
Ra4 Nc6 16. Rc4 Bd8 17. Na4 d5 18. exd5 exd5 19. Rc5 Be7 20. Rxd5 Nxd5 21. Bxd5
Qd6 22. Bc5 Qf6 23. Nb6 Rb8 24. Kh1 Be6 25. Bxe6 Qxe6 26. f5 Qh6 27. Bxe7 Rxe7
28. Nc5 Rd8 29. Qg4 Rd4 30. Qg3 Qf4 31. Qxf4 Rxf4 32. Rd1 Rd4 33. Rf1 Nxa5 34.
g3 h6 35. Rf2 Nc4 36. Nxc4 Rxc4 37. Nd3 Rce4 38. Nf4 R7e5 39. g4 Rb5 40. b3
Rbb4 41. Nd3 Rbd4 42. h3 Kf8 43. Kg2 Re7 44. Kf3 Rde4 45. Nf4 b5 46. Ne6+ R4xe6
47. fxe6 Rxe6 48. Rd2 Ke7 49. c4 bxc4 50. bxc4 Rc6 51. Ra2 1/2-1/2

[Event "Pyramiden Cup 2016"]
[Site "Fuerth"]
[Date "2016.09.04"]
[Round "7.25"]
[White "Gerl, Hans"]
[Black "Hirn, Oskar"]
[Result "0-1"]
[WhiteElo "2022"]
[BlackElo "2238"]
[PlyCount "52"]
[EventDate "2016.??.??"]
[WhiteTeam "SK Zirndorf"]
[BlackTeam "SC NT Nürnberg"]

1. d4 g6 2. c4 Bg7 3. Nc3 d6 4. e4 Nf6 5. f3 O-O 6. Be3 Nbd7 7. Qd2 e5 8. d5 a5
9. Bh6 Nxe4 10. fxe4 Qh4+ 11. g3 Qxh6 12. Nb5 Nc5 13. Bg2 Qxd2+ 14. Kxd2 Na6
15. Ne2 Bd7 16. Nec3 f5 17. a3 Rac8 18. Na7 Rcd8 19. Nab5 Rf6 20. a4 c6 21. Na3
Bh6+ 22. Ke1 Nc5 23. Rd1 Rdf8 24. Nc2 f4 25. gxf4 Bg4 26. Ne2 exf4 0-1

[Event "Pyramiden Cup 2016"]
[Site "Fuerth"]
[Date "2016.09.04"]
[Round "7.26"]
[White "Herlan, Klaus-Juergen"]
[Black "Brem, Stephan"]
[Result "1-0"]
[WhiteElo "1977"]
[BlackElo "2114"]
[PlyCount "97"]
[EventDate "2016.??.??"]
[WhiteTeam "SK Marmstorf"]
[BlackTeam "SU Ebersberg-Grafing"]

1. d4 b6 2. e4 Bb7 3. Bd3 e6 4. Nd2 c5 5. c3 Nf6 6. Ne2 Nc6 7. a3 Qc7 8. b4
cxd4 9. cxd4 Nxd4 10. Nxd4 Qc3 11. Qc2 Qxd4 12. Bb2 Qd6 13. e5 Qe7 14. exf6
gxf6 15. Be4 d5 16. Bf3 Rc8 17. Qb3 Bg7 18. O-O O-O 19. Rfe1 Qd7 20. Rad1 Bc6
21. Qe3 Ba4 22. Rc1 e5 23. Nf1 d4 24. Qd2 f5 25. Ng3 e4 26. Nh5 Rxc1 27. Rxc1
f6 28. Nxg7 Kxg7 29. Bd1 Bxd1 30. Qxd1 Rd8 31. Qd2 Kg6 32. Qf4 Qd6 33. Qd2 d3
34. Rc4 Qe6 35. Rc7 Qd6 36. Rxa7 Rc8 37. Bc1 Rxc1+ 38. Qxc1 d2 39. Qd1 Qd3 40.
h4 h5 41. Rc7 f4 42. Kh2 e3 43. Qa4 b5 44. Qa8 Qd4 45. Qg8+ Kf5 46. Qh7+ Ke6
47. Re7+ Kd5 48. Rd7+ Kc6 49. Rxd4 1-0

[Event "Pyramiden Cup 2016"]
[Site "Fuerth"]
[Date "2016.09.04"]
[Round "7.27"]
[White "Eck, Mathias"]
[Black "Walter, Stefan"]
[Result "1/2-1/2"]
[WhiteElo "2080"]
[BlackElo "1934"]
[PlyCount "23"]
[EventDate "2016.??.??"]
[WhiteTeam "SF Darmstadt"]
[BlackTeam "SG Fürth"]

1. c4 e6 2. Nf3 d5 3. e3 Nf6 4. b3 Be7 5. Be2 O-O 6. O-O c5 7. Bb2 Nc6 8. d4
cxd4 9. Nxd4 Nxd4 10. Qxd4 dxc4 11. Qxc4 Bd7 12. Rd1 1/2-1/2

[Event "Pyramiden Cup 2016"]
[Site "Fuerth"]
[Date "2016.09.04"]
[Round "7.28"]
[White "Braun, Kristin"]
[Black "Willim, Michael"]
[Result "0-1"]
[WhiteElo "1853"]
[BlackElo "2085"]
[PlyCount "86"]
[EventDate "2016.??.??"]
[WhiteTeam "SC Forchheim"]
[BlackTeam "SC Erlangen"]

1. d4 g6 2. Nf3 Bg7 3. c4 d6 4. Nc3 e5 5. dxe5 dxe5 6. Qxd8+ Kxd8 7. Bg5+ f6 8.
O-O-O+ Nd7 9. Bd2 c6 10. Ne4 Bf8 11. Ba5+ b6 12. Bc3 Kc7 13. g3 Be7 14. Bg2 Nh6
15. Rd2 Nf7 16. g4 Nc5 17. Nxc5 Bxc5 18. e3 Bxg4 19. b4 Be7 20. h3 Be6 21. Rhd1
Rad8 22. Rxd8 Rxd8 23. Rxd8 Bxd8 24. Nd2 Nd6 25. Bf1 Bf5 26. f3 Be7 27. a3 Bf8
28. e4 Be6 29. f4 exf4 30. Bxf6 Bh6 31. e5 Nf5 32. Ne4 Ne3 33. Bd3 Nxc4 34.
Bxc4 Bxc4 35. Kd1 Bd5 36. Ng5 Kd7 37. Nxh7 Ke6 38. h4 Kf5 39. Ng5 a5 40. Kd2
axb4 41. axb4 Bf8 42. b5 cxb5 43. Kd3 Bc5 0-1

[Event "Pyramiden Cup 2016"]
[Site "Fuerth"]
[Date "2016.09.04"]
[Round "7.29"]
[White "Beesk, Kevin"]
[Black "Meulner, Fabian"]
[Result "1-0"]
[WhiteElo "1965"]
[BlackElo "1870"]
[PlyCount "57"]
[EventDate "2016.??.??"]
[WhiteTeam "SK Neumarkt"]
[BlackTeam "SW Nürnberg Süd"]

1. e4 g6 2. d4 Bg7 3. Nc3 c5 4. dxc5 Bxc3+ 5. bxc3 Nf6 6. Qd4 Qa5 7. Qb4 Qc7 8.
Nf3 b6 9. cxb6 axb6 10. Bd3 Na6 11. Qd4 Nc5 12. a4 d6 13. O-O Bd7 14. e5 dxe5
15. Nxe5 O-O 16. Nxd7 Nfxd7 17. f4 e5 18. fxe5 Qxe5 19. Bb5 Rfd8 20. Bf4 Qg7
21. Bg5 f6 22. Bxf6 Nxf6 23. Qxf6 Qxf6 24. Rxf6 Rab8 25. Re1 Kg7 26. Rc6 Rb7
27. a5 Nd7 28. a6 Ra7 29. Rd6 1-0

[Event "Pyramiden Cup 2016"]
[Site "Fuerth"]
[Date "2016.09.04"]
[Round "7.30"]
[White "Woerl, Richard"]
[Black "Khalil, Shayar"]
[Result "1/2-1/2"]
[WhiteElo "2050"]
[BlackElo "1846"]
[PlyCount "25"]
[EventDate "2016.??.??"]
[WhiteTeam "SW Nürnberg Süd"]
[BlackTeam "SC Ansbach"]

1. e4 c5 2. Nf3 d6 3. d4 cxd4 4. Nxd4 Nf6 5. Nc3 a6 6. a4 e5 7. Nf3 Nc6 8. Be2
Be7 9. O-O O-O 10. Bg5 Be6 11. Qd2 Qc7 12. Bxf6 Bxf6 13. Nd5 1/2-1/2

[Event "Pyramiden Cup 2016"]
[Site "Fuerth"]
[Date "2016.09.04"]
[Round "7.31"]
[White "Noeckler, Alexander"]
[Black "Redzepovic, Irfan"]
[Result "1/2-1/2"]
[WhiteElo "1887"]
[BlackElo "2124"]
[PlyCount "57"]
[EventDate "2016.??.??"]
[WhiteTeam "SK Weiden"]
[BlackTeam "SW Nürnberg Süd"]

1. c4 c6 2. Nf3 Nf6 3. e3 d5 4. b3 e6 5. Bb2 Be7 6. Be2 O-O 7. O-O b6 8. Qc2
Nbd7 9. d3 c5 10. Nbd2 Bb7 11. cxd5 exd5 12. d4 Rc8 13. Qd1 Re8 14. Rc1 Bd6 15.
Ne1 Ne4 16. Nxe4 dxe4 17. Nc2 Qe7 18. Qd2 Red8 19. Rfd1 Qg5 20. Na3 cxd4 21.
Rxc8 Bxc8 22. Qxd4 Nc5 23. Kh1 Nd3 24. Bxd3 Bxa3 25. Qxe4 Qh5 26. g4 Bxg4 27.
Qxh7+ Qxh7 28. Bxh7+ Kxh7 29. Rxd8 1/2-1/2

[Event "Pyramiden Cup 2016"]
[Site "Fuerth"]
[Date "2016.09.04"]
[Round "7.32"]
[White "Kellmann, Andreas"]
[Black "Rohde, Patrick"]
[Result "1/2-1/2"]
[WhiteElo "1858"]
[BlackElo "1964"]
[PlyCount "92"]
[EventDate "2016.??.??"]
[WhiteTeam "SG Büchenbach/Roth"]
[BlackTeam "Elmshorner SC"]

1. e4 c5 2. Nf3 e6 3. d4 cxd4 4. Nxd4 a6 5. Nc3 b5 6. Be3 Qc7 7. Be2 Bb7 8. a3
Nf6 9. f3 Be7 10. O-O O-O 11. Kh1 d6 12. Rg1 Nbd7 13. Bf1 Nb6 14. Bf2 Rfd8 15.
g4 Nc4 16. Qc1 Rac8 17. Bg2 Qa5 18. Nb3 Qc7 19. Nd4 d5 20. exd5 Nxd5 21. Nxd5
Bxd5 22. Bg3 Qb6 23. c3 Bc5 24. Rd1 Bb7 25. Bf2 e5 26. Nf5 Rxd1+ 27. Qxd1 Rd8
28. Bxc5 Rxd1+ 29. Rxd1 Qc7 30. b3 Nb6 31. Bd6 Qd7 32. Ne3 f6 33. Bxe5 Qe8 34.
Bd4 Nd5 35. Nxd5 Bxd5 36. b4 Qe2 37. Rf1 Kf7 38. Rf2 Qd1+ 39. Rf1 Qb3 40. f4
Bxg2+ 41. Kxg2 Qxa3 42. Rf3 a5 43. bxa5 Qxa5 44. Bc5 Qa2+ 45. Kg3 Qd2 46. Re3
g6 1/2-1/2

[Event "Pyramiden Cup 2016"]
[Site "Fuerth"]
[Date "2016.09.04"]
[Round "7.33"]
[White "Hartmann, Thomas"]
[Black "Straschewski, Joerg"]
[Result "1-0"]
[WhiteElo "2022"]
[BlackElo "1927"]
[PlyCount "57"]
[EventDate "2016.??.??"]
[WhiteTeam "SC Weiße Dame Ulm"]
[BlackTeam "TSV Cadolzburg"]

1. d4 Nf6 2. c4 g6 3. Nc3 Bg7 4. e4 d6 5. Be2 O-O 6. Bg5 Na6 7. h4 h5 8. f3 e5
9. d5 Qe8 10. g4 Bd7 11. Nh3 c6 12. Nf2 cxd5 13. Bxf6 Bxf6 14. Nxd5 Qd8 15.
Nxf6+ Qxf6 16. gxh5 gxh5 17. Rg1+ Kh7 18. Rg5 Rg8 19. Rxh5+ Kg7 20. Rg5+ Kf8
21. Qd2 Ke7 22. O-O-O Rxg5 23. hxg5 Qe6 24. Rh1 Rg8 25. Rh6 Rg6 26. Ng4 Rxh6
27. gxh6 Qg6 28. h7 Qxh7 29. Qg5+ 1-0

[Event "Pyramiden Cup 2016"]
[Site "Fuerth"]
[Date "2016.09.04"]
[Round "7.34"]
[White "Schloetterer, Hermann"]
[Black "Cipra, Lothar"]
[Result "0-1"]
[WhiteElo "1843"]
[BlackElo "1965"]
[PlyCount "72"]
[EventDate "2016.??.??"]
[WhiteTeam "Zabo-Eintracht Nürnberg"]
[BlackTeam "SK Schwanstetten"]

1. d4 Nf6 2. g3 d5 3. Bg2 e6 4. Nf3 Be7 5. O-O O-O 6. c4 Nbd7 7. Nc3 dxc4 8. e4
c6 9. a4 a6 10. Qe2 b6 11. Rd1 Bb7 12. Qxc4 b5 13. Qd3 b4 14. Nb1 a5 15. b3 Ba6
16. Qc2 Rc8 17. Nbd2 Nb6 18. Bb2 c5 19. Nc4 Nxc4 20. bxc4 cxd4 21. Rxd4 Qc7 22.
Rc1 Bc5 23. Rd2 Qe7 24. Nd4 Bxd4 25. Rxd4 e5 26. Rd2 Rxc4 27. Qd1 Rxc1 28. Qxc1
h6 29. Rc2 Bd3 30. Rc5 Qd8 31. Rxe5 Qb8 32. h3 Rc8 33. Qf4 Rc2 34. Qf5 Rxb2 35.
Rc5 Rc2 36. Rxc2 Bxc2 0-1

[Event "Pyramiden Cup 2016"]
[Site "Fuerth"]
[Date "2016.09.04"]
[Round "7.35"]
[White "Faralisz, Patrick"]
[Black "Lehmann, Patricia"]
[Result "1-0"]
[WhiteElo "1793"]
[BlackElo "1720"]
[PlyCount "59"]
[EventDate "2016.??.??"]
[WhiteTeam "SC NT Nürnberg"]
[BlackTeam "SG 1871 Löberitz"]

1. e4 c5 2. Nf3 d6 3. Bb5+ Bd7 4. Bxd7+ Nxd7 5. O-O Ngf6 6. Qe2 Rc8 7. b3 g6 8.
Bb2 Bg7 9. d3 O-O 10. Nbd2 e5 11. Ng5 Nh5 12. Nh3 Bh6 13. Nc4 Ndf6 14. Bc1 Bxc1
15. Raxc1 Qe7 16. Rce1 Nd7 17. Ne3 Nhf6 18. f4 Rc6 19. f5 Kg7 20. Rf2 Qd8 21.
Ref1 Ne8 22. Qg4 Nef6 23. Qf3 Ne8 24. Qg3 Kg8 25. Ng5 Ng7 26. Qh4 h5 27. Nd5
Ra6 28. fxg6 fxg6 29. Rxf8+ Nxf8 30. Nf6+ 1-0

[Event "Pyramiden Cup 2016"]
[Site "Fuerth"]
[Date "2016.09.04"]
[Round "7.36"]
[White "Brunsch, Michael"]
[Black "Koehler, Lukas"]
[Result "1-0"]
[WhiteElo "1959"]
[BlackElo "1681"]
[PlyCount "74"]
[EventDate "2016.??.??"]
[WhiteTeam "SC Höchstadt/Aisch"]
[BlackTeam "SC Bamberg"]

1. c4 c6 2. Nf3 d5 3. e3 Nf6 4. b3 Bf5 5. Bb2 e6 6. h3 h6 7. d4 Nbd7 8. Be2 Bd6
9. O-O Ne4 10. Nbd2 Qc7 11. Nxe4 Bxe4 12. Nd2 Bf5 13. Bf3 Nf6 14. Re1 O-O 15.
e4 dxe4 16. Nxe4 Be7 17. Ng3 Bg6 18. Qd2 Rfd8 19. Qe3 Re8 20. Qc3 Nh7 21. Be4
Bxe4 22. Nxe4 Nf6 23. Qf3 Nxe4 24. Rxe4 Bf6 25. Bc1 Kh7 26. Bf4 Qd7 27. Be5
Bxe5 28. dxe5 Qe7 29. Rd1 Rad8 30. Red4 Rxd4 31. Rxd4 Qg5 32. Qe4+ Kg8 33. Rd7
Rd8 34. Rxb7 a6 35. g3 Rd1+ 36. Kh2 Qc1 37. Qf3 Kh8 1-0

[Event "Pyramiden Cup 2016"]
[Site "Fuerth"]
[Date "2016.09.04"]
[Round "7.37"]
[White "Riedl, Guenter"]
[Black "Miosga, Stefan"]
[Result "0-1"]
[WhiteElo "1879"]
[BlackElo "1871"]
[PlyCount "92"]
[EventDate "2016.??.??"]
[WhiteTeam "SK Marktoberdorf"]
[BlackTeam "SP Plesse Bovenden"]

1. c4 c5 2. Nc3 Nc6 3. g3 Nh6 4. Bg2 Nf5 5. e3 g6 6. a3 Bg7 7. Nge2 h5 8. Rb1
h4 9. b4 h3 10. Bf1 d6 11. bxc5 dxc5 12. Bb2 g5 13. Ng1 g4 14. Be2 Ne5 15. Nd5
Nh6 16. Bxe5 Bxe5 17. f3 f5 18. Nf4 Bxf4 19. exf4 b6 20. Rb3 Qd7 21. Qa1 O-O
22. Rd3 Qe6 23. Re3 Qf6 24. Qxf6 exf6 25. fxg4 fxg4 26. Bd3 Bb7 27. Be4 Bxe4
28. Rxe4 Rae8 29. Rxe8 Rxe8+ 30. Kd1 Rd8 31. Ne2 Rd3 32. Nc3 Rd4 33. Re1 Nf5
34. Re4 Kf7 35. Re2 Rxc4 36. Nb5 Ra4 37. Kc1 Ra5 38. Nc3 Rxa3 39. Kb2 Ra5 40.
Re1 c4 41. Ne4 Rd5 42. Ra1 Rd7 43. Kc3 Kg6 44. Ra4 Rd3+ 45. Kc2 Nd4+ 46. Kd1
Nf3 0-1

[Event "Pyramiden Cup 2016"]
[Site "Fuerth"]
[Date "2016.09.04"]
[Round "7.38"]
[White "Wieczorek, Heinz"]
[Black "Mikeler, Marcel"]
[Result "0-1"]
[WhiteElo "1793"]
[BlackElo "1833"]
[PlyCount "52"]
[EventDate "2016.??.??"]
[WhiteTeam "SW Nürnberg Süd"]
[BlackTeam "Heilbronner SV"]

1. e4 c6 2. d4 d5 3. e5 Bf5 4. Bd3 Bxd3 5. Qxd3 e6 6. Nd2 Nd7 7. Ngf3 Ne7 8.
O-O Qc7 9. Nb3 c5 10. dxc5 Nc6 11. Bf4 Nxc5 12. Nxc5 Bxc5 13. c3 h6 14. Bg3 O-O
15. Rae1 a6 16. Nd4 Bxd4 17. cxd4 Qb6 18. Rd1 Qxb2 19. Rb1 Qxd4 20. Qxd4 Nxd4
21. Rxb7 Rfc8 22. Rfb1 Rc2 23. a4 Rac8 24. h3 Ra2 25. Kf1 Rcc2 26. Ra7 Nf5 0-1